Quiz do Mundo #1 - Statistics

Estatísticas Gerais
  • Esse quiz foi jogado 299 vezes
    298 desde o último reset
  • A pontuação média é 12 de 17
Estatísticas das Respostas
Nomeie um país... Resposta % Correto
que participou da Primeira Guerra Mundial Alemanha | Austrália | Áustria-Hungria | Brasil | Estados Unidos | França | Império Britânico | Império Turco-Otomano | Itália | Japão | Luxemburgo | Países Baixos | Portugal | Reino da Romênia | Reino da Sérvia | Republica da China | Rússia
100%
que já fez parte da União Soviética Armênia | Azerbaijão | Belarus | Cazaquistão | Estônia | Geórgia | Letônia | Lituânia | Moldávia | Quirguistão | Rússia | Tadjiquistão | Turcomenistão | Ucrânia | Uzbequistão
98%
que tenha 5 ou mais fuso horários diferentes Austrália | Canadá | Dinamarca | Estados Unidos | França | Reino Unido | Rússia
97%
que tenha mais de 10.000.000 de km² Rússia
95%
cujo nome comece com V Vanuatu | Vaticano | Venezuela | Vietnã
95%
que faz parte da Oceania Austrália | E.F. da Micronésia | Fiji | Ilhas Marshall | Ilhas Salomão | Kiribati | Nauru | Nova Zelândia | Palau | Papua Nova Guiné | Samoa | Tonga | Tuvalu | Vanuatu
94%
que termine com stão Afeganistão | Cazaquistão | Paquistão | Quirguistão | Tajiquistão | Turcomenistão | Uzbequistão
92%
que seja banhado pelo Oceano Pacifico e Atlântico Argentina | Canadá | Chile | Colômbia | Costa Rica | Estados Unidos | Guatemala | Honduras | México | Nicarágua | Panamá
85%
que já disputou uma final de Copa do Mundo mas não ganhou Croácia | Hungria | Países Baixos | República Tcheca
73%
Europeu que nunca ganhou uma medalha nas Olimpíadas Albânia | Andorra | Bósnia-Herzegovina | Liechtenstein | Malta | Mônaco | San Marino
61%
que é lusófono Angola | Brasil | Cabo Verde | Guiné Equatorial | Guiné Bissau | Macau | Moçambique | Portugal | São Tomé e Príncipe | Timor Leste
56%
que faz fronteira com Malawi Moçambique | Tanzânia | Zâmbia
55%
que faz parte do Chifre da África Djibuti | Etiópia | Eritreia | Somália
52%
Africano que não foi colonizado pelos europeus Libéria | Etiópia
47%
que usa Rupia como moeda oficial Índia | Indonésia | Maldivas | Mauricio | Nepal | Paquistão | Seychelles | Sri Lanka
41%
que tenha roxo em sua bandeira Dominica | Nicarágua
27%
que reconheça Taiwan Belize | Essuatíni | Guatemala | Haiti | Honduras | Ilhas Marshall | Nauru | Nicarágua | Palau | Paraguai | Santa Lúcia | São Cristóvão e Névis | São Vicente e Granadinas| Tuvalu | Vaticano
21%
Nenhum quiz correspondente encontrado
Distribuição das Pontuações
Porcentagem de Pessoas com Cada Pontuação
Percentil de Números Respondidos
Sua Pontuação Histórica
Você não jogou esse quiz desde o último reset